| 000 | 01037nam a2200361 c 4500 | ||
|---|---|---|---|
| 001 | 1983 | ||
| 003 | ES-MaCES | ||
| 005 | 20141221121556.0 | ||
| 008 | 941005s1994 sp ||| | spa d | ||
| 017 |
_aM-13.850-1994 _bDL |
||
| 020 | _a8481120197 | ||
| 035 | _aCES19980019965m | ||
| 040 |
_aES-MaCES _bspa _cES-MaCES |
||
| 100 | 1 |
_aCosta, Joan _910066 |
|
| 245 | 1 | 0 |
_aDiseño, comunicación y cultura _cJoan Costa |
| 260 |
_aMadrid _bFundesco _cD.L. 1994 |
||
| 300 |
_a351 p. _c24 cm |
||
| 490 | 1 | _aLos libros de Fundesco. Colección Impactos | |
| 500 | _aÍndice | ||
| 504 | _aBibliografía: p. 345-351 | ||
| 541 | _cGratuito | ||
| 650 | 4 |
_acultura _927265 |
|
| 650 | 4 |
_afactor cultural _927263 |
|
| 650 | 4 |
_adiseño _930335 |
|
| 650 | 4 |
_acomunicación _927356 |
|
| 650 | 4 |
_atecnología _928238 |
|
| 653 | 1 | 0 | _aCultura-Ocio |
| 710 | 2 |
_aFundesco _93928 |
|
| 830 | 0 |
_aLos libros de Fundesco _pColección Impactos _933106 |
|
| 902 | _aLIB Libro | ||
| 942 |
_2CES _cBK _h4.1. |
||
| 999 |
_c1983 _d1983 |
||